000 00329nam a2200121Ia 4500
008 151213s9999 xx 000 0 und d
245 _aChild Nutrition Survey Of Bangladesh - 2000
260 _aBangladesh
_bBangladesh Bureau Of Statistics
_c2002
300 _a1579 p.
650 _aReference
650 _aReference
999 _c1204
_d1204